Statistics for Biggest U.S. Cities by Letter - E

Click here to take the quiz!

General Stats

  • This quiz has been taken 3,338 times
    (686 since last reset)
  • The average score is 7 of 15

Answer Stats

Population State Hint City % Correct
682,669TexasBorders Juarez, MexicoEl Paso
96%
96,471PennsylvaniaOn a Great LakeErie
82%
171,245OregonUniversity of OregonEugene
75%
128,885New JerseyCommon woman's nameElizabeth
65%
68,866WisconsinFrench for "clear water"Eau Claire
63%
117,963IndianaSouthwest IndianaEvansville
47%
74,106IllinoisNorthwestern UniversityEvanston
46%
106,736WashingtonBoeing factory with the world's
largest building
Everett
34%
152,213CaliforniaSan Diego CountyEscondido
28%
93,127OklahomaOKC SuburbEdmond
23%
103,241CaliforniaSpanish for "the drawer"El Cajon
23%
111,683IllinoisNorthwest exurb of ChicagoElgin
22%
172,886CaliforniaSacramento suburbElk Grove
21%
98,665TexasHidalgo CountyEdinburg
15%
115,586CaliforniaEnd of the Santa Fe TrailEl Monte
13%

Score Distribution

Percentile by Number Answered

Percent of People with Each Score

Your Score History

You have not taken this quiz since the last reset